| 000 | 00783nam a2200241Ia 4500 | ||
|---|---|---|---|
| 003 | OSt | ||
| 005 | 20220926014539.0 | ||
| 006 | a|||||r|||| 00| 0 | ||
| 007 | ta | ||
| 008 | 220923b |||||||| |||| 00| 0 eng d | ||
| 020 |
_a0070217017 _c501.82999999999998 |
||
| 037 |
_b91, 16/11/2010, AVIVA BOOKS COMPANY _cGeneral Book |
||
| 040 |
_aRTL _cRTL _beng |
||
| 041 |
_2eng _aeng |
||
| 082 | _aX:514-8, N4 | ||
| 100 |
_aFournies Ferdinand F _9320803 |
||
| 245 | 0 | _aWhy customers don't do what you want them to do- and what to do about it | |
| 260 |
_aNew York _bMcGraw-Hill _c1994 |
||
| 300 |
_axv, 224p _ccm. |
||
| 650 | _aCommerce | ||
| 942 |
_hX:514-8, N4 _cGB _2CC |
||
| 999 |
_c629317 _d629317 |
||